00695nam a22002057a 450000500170000001000150001702000260003203500140005803700130007208200140008510000210009924500600012026000240018027000410020430000200024550000510026594200280031699900190034495201260036320171011152408.0 aENG-120970 c975.00a9788178359786 aEN-104502 bDBAD/PUB a362.80954 aKshirsagar, R.K. aReservation:ba quest for justice /cby R.K. Kshirsagar aDelhibKalpazc2013 bDelhie110052aC-30, Satyawati Nagar a326p.c22cm(Hb) aIncludes bibliographical references and Index  2ddccENh362.80954mKSH c146466d146466 001040718NFICaDBADbBNd2017-10-11eDBAD/PUBg975.00l0o362.80954 KSHpEN-104502r2017-10-11 00:00:00t1v975.00yEN